Statistics for Minecraft Creative Inventory: Combat

Click here to take the quiz!

General Stats

  • This quiz has been taken 53 times
  • The average score is 47 of 97

Answer Stats

Answer% Correct
Diamond Sword
94%
Iron Sword
94%
Stone Sword
94%
Wooden Sword
94%
Diamond Axe
90%
Golden Sword
90%
Wooden Axe
90%
Bow
87%
Iron Axe
87%
Stone Axe
87%
Arrow
84%
Golden Axe
84%
Netherite Sword
84%
Netherite Axe
77%
Crossbow
71%
Diamond Boots
68%
Diamond Helmet
68%
Golden Helmet
68%
Iron Helmet
68%
Leather Cap
68%
Netherite Chestplate
68%
Netherite Helmet
68%
Netherite Leggings
68%
Chainmail Boots
65%
Chainmail Chestplate
65%
Chainmail Helmet
65%
Chainmail Leggings
65%
Diamond Chestplate
65%
Diamond Leggings
65%
Golden Boots
65%
Golden Chestplate
65%
Golden Leggings
65%
Iron Boots
65%
Iron Chestplate
65%
Iron Leggings
65%
Netherite Boots
65%
Leather Boots
61%
Leather Pants
61%
Leather Tunic
61%
Shield
61%
Trident
55%
Arrow of Poison (0:05)
45%
Arrow of Poison (0:11)
45%
Arrow of Poison (II 0:02)
45%
Arrow of Healing
42%
Arrow of Healing (II)
42%
TNT
42%
Turtle Shell
39%
Arrow of Slowness (0:11)
35%
Arrow of Slowness (0:30)
35%
Arrow of Slowness (IV 0:02)
35%
Arrow of Weakness (0:11)
35%
Arrow of Weakness (0:30)
35%
Firework Rocket (Duration 1)
35%
Firework Rocket (Duration 2)
35%
Firework Rocket (Duration 3)
35%
Arrow of Harming
32%
Arrow of Harming (II)
32%
Arrow of Strength (0:22)
32%
Arrow of Strength (1:00)
32%
Arrow of Strength (II 0:11)
32%
Arrow of Fire Resistance (0:22)
29%
Arrow of Fire Resistance (1:00)
29%
Arrow of Leaping (0:22)
29%
Arrow of Leaping (1:00)
29%
Arrow of Leaping (II 0:11)
29%
Arrow of Night Vision (0:22)
29%
Arrow of Night Vision (1:00)
29%
Arrow of Regeneration (0:05)
29%
Arrow of Regeneration (0:11)
29%
Arrow of Regeneration (II 0:02)
29%
Arrow of the Turtle Master (IV 0:02/III 0:02)
29%
Arrow of the Turtle Master (IV 0:05/III 0:05)
29%
Arrow of the Turtle Master (VI 0:02/IV 0:02)
29%
Tipped Arrow (Awkward)
29%
Tipped Arrow (Mundane)
29%
Tipped Arrow (Thick)
29%
Arrow of Invisibility (0:22)
26%
Arrow of Invisibility (1:00)
26%
Arrow of Luck (0:37)
26%
Arrow of Swiftness (0:22)
26%
Arrow of Swiftness (1:00)
26%
Arrow of Swiftness (II 0:11)
26%
Diamond Horse Armor
26%
Golden Horse Armor
26%
Iron Horse Armor
26%
Leather Horse Armor
26%
Totem of Undying
26%
Arrow of Water Breathing (0:22)
23%
Arrow of Water Breathing (1:00)
23%
Spectral Arrow
23%
Arrow of Slow Falling (0:11)
19%
Arrow of Slow Falling (0:30)
19%
End Crystal
19%
Snowball
19%
Egg
16%
Arrow of Splashing
13%

Score Distribution

Percentile by Number Answered

Percent of People with Each Score

Your Score History

You have not taken this quiz